000 00774nam a2200253 i 4500
001 C2-0322585
003 PPAK
005 20180728121433.0
008 130721s2012 my a|||| ||||| | may d
020 _a9789673940929
040 _aPPAK
_beng
_cPPAK
_erda
082 0 4 _a378.595
_223
090 0 0 _a378.595
_bUNI
_dR
110 2 _aUniversiti Sains Malaysia
245 0 0 _aInisiatif-inisiatif terpilih Universiti APEX
264 1 _aPulau Pinang :
_bPenerbit Universiti Sains Malaysia ,
_c2012
300 _a217 pages :
_billustrations ;
_c25 cm
336 _2rdacontent
_atext
337 _2rdamedia
_aunmediated
338 _2rdacarrier
_avolume
650 1 0 _aUniversities and colleges - Malaysia
710 2 _aUniversiti Sains Malaysia
_eorganizer
942 _ddc
_cB
999 _c122843
_d122843